[Event "GER North-ch U14"]
[Site "Langeoog"]
[Date "2001.09.30"]
[Round "1.9"]
[White "Fehsenfeld, Frauke"]
[Black "Buncke, Johanna"]
[Result "0-1"]
[WhiteElo "1435"]
[BlackElo "1078"]
[PlyCount "41"]
[EventDate "2001.10.??"]
[EventType "swiss"]
[EventRounds "5"]
[EventCountry "GER"]
[SourceTitle "EXT 2003"]
[Source "ChessBase"]
[SourceDate "2002.11.25"]
[SourceVersion "1"]
[SourceVersionDate "2002.11.25"]
[SourceQuality "1"]

1. e4 e5 2. Nf3 Nc6 3. Nc3 Bc5 4. Bb5 d6 5. 0-0 Bd7 6. d3 h6 7. h3 Nf6 8. Qe2 0-0 9. Be3 Bxe3 10. Qxe3 a6 11. Bc4 Na7 12. Rfd1 c6 13. d4 exd4 14. Qxd4 b5 15. Be2 d5 16. Ne5 Be6 17. b3 Qd6 18. Rab1 b4 19. Na4 a5 20. exd5 cxd5 21. Nc5 0-1